Alexandrie dans les récits de voyage : VIe-XVIIIe siècles : documents pour l'histoire ou sources historiques /
محفوظ في:
المؤلف الرئيسي:
التنسيق: كتاب
اللغة: French
منشور في:
Paris :
L'Harmattan,
c2015.
سلاسل:
Méditerranées.
الموضوعات:
الوسوم: إضافة وسم
لا توجد وسوم, كن أول من يضع وسما على هذه التسجيلة!
رقم الطلب: DT154 .A4 S46 2015
| LEADER | 01146namaa2200301 4500 | ||
|---|---|---|---|
| 001 | 25036 | ||
| 003 | OSt | ||
| 005 | 20220309101317.0 | ||
| 008 | 130303s2015 fr a g b 000 0 fre d | ||
| 952 | |0 0 |1 0 |2 lcc |4 0 |6 DT0154 A4 S46 02015 |7 1 |9 38191 |a ARCE |b ARCE |d 2022-03-09 |l 0 |o DT154 .A4 S46 2015 |p 1000237 |r 2022-03-09 00:00:00 |w 2022-03-09 |y BK | ||
| 999 | |c 22193 |d 22193 | ||
| 010 | |a 2015420049 | ||
| 020 | |a 9782343059778 | ||
| 040 | |c ARCE Library | ||
| 043 | |a f-ua--- | ||
| 050 | 4 | |a DT154 .A4 S46 2015 | |
| 100 | 1 | |a Sennoune, Oueded, |e author |9 39683 | |
| 245 | 1 | 0 | |a Alexandrie dans les récits de voyage : |b VIe-XVIIIe siècles : documents pour l'histoire ou sources historiques / |c Oueded Sennoune. |
| 264 | 1 | |a Paris : |b L'Harmattan, |c c2015. | |
| 300 | |a 289 pages : |b map, charts ; |c 24 cm. + |e 1 audio disc (4 3/4 in.). | ||
| 490 | 0 | |a Méditerranées. | |
| 500 | |a OCLC 911361589 | ||
| 504 | |a Includes bibliographical references (p. 255-287). | ||
| 650 | 0 | |a Travelers' writings |x Themes, motives. | |
| 651 | 0 | |a Alexandria (Egypt) |x Description and travel. | |
| 651 | 0 | |a Alexandria (Egypt) |x In literature. | |
| 901 | |a reviewed | ||
| 942 | |c BK |2 lcc | ||
